000 00948nam a2200277 a 4500
001 67048
003 BD-RjUL
005 20211209081618.0
008 170322r19811991enka b 001 0 eng d
020 _a0521405459
035 _a(BD-RjUL)67179
040 _aDLC
_cDLC
_dDLC
_dBD-RjUL
_beng
041 _aeng
082 0 0 _a631
_223
_bLAA 1991
100 1 _aLanger, R. H. M.
_q(Reinhart Hugo Michael),
_d1921-
_9198586
245 1 0 _aAgricultural plants /
_cR.H.M. Langer and G.D. Hill
250 _a2nd ed.
260 _aNew York :
_bCambridge University Press,
_c1991.
300 _axiii, 387 p. :
_bill. ;
_c24 cm.
504 _aIncludes bibliographical references and indexes.
650 0 _aCrops.
_9198587
700 1 _aHill, G. D.
_9198588
856 4 2 _3Publisher description
_uhttp://www.loc.gov/catdir/description/cam021/91002246.html
856 4 1 _3Table of contents
_uhttp://www.loc.gov/catdir/toc/cam021/91002246.html
942 _2ddc
_cBK
999 _c67048
_d67048